000 01104cam a2200313Mi 4500
001 103079
005 20230410130544.0
008 040323s2002 xx 000 0 fre d
035 _a(OCoLC)ocn237826199
040 _aGEBAY
_erakwb
_bger
_cGEBAY
020 _a2844810667
020 _a9782844810663
035 _a(OCoLC)237826199
049 _aGRAL
050 1 4 _aPN 1992.3
_bP474t 2002
082 0 0 _a384.551
100 1 _aPeskine, Jacques,
_d1947-
245 0 0 _aTélévision :
_bl’offre et la demande de programmes :
_béléments d’économie de l’audiovisuel /
_cJacques Peskine
260 _aParis :
_bDixit ;
_aParis :
_bUniversité Paris 1--Panthéon-Sorbonne, DESS communication audiovisuel :
_bDistribution VILO,
_c[2002]
300 _a144 p. :
_bill. ;
_c24 cm.
650 0 _aTelevision broadcasting
_xEconomic aspects
_zFrance.
650 4 _aIndustria cultural
_xAspectos económicos.
650 4 _aIndustria de la televisión.
650 4 _aTelevisión
_xAspectos económicos.
650 4 _aIndustria de la televisión.
942 _2lcc
_cbk
994 _aC0
_bDRFGD
946 _anc
999 _c76045
_d76045